[Event "SRB-chT (Women) Div1"]
[Site "Senta"]
[Date "2023.10.18"]
[Round "9.2"]
[White "Rapport, Jovana"]
[Black "Toncheva, Nadya"]
[Result "0-1"]
[WhiteElo "2324"]
[BlackElo "2253"]
[PlyCount "114"]
[EventDate "2023.10.10"]
[EventType "team-tourn"]
[EventRounds "11"]
[EventCountry "SRB"]
[SourceTitle "Mega2024 Update 01"]
[Source "Chessbase"]
[SourceDate "2023.11.12"]
[SourceVersion "1"]
[SourceVersionDate "2023.11.12"]
[SourceQuality "1"]
[WhiteTeam "Belgrade Crvena Zvezda (W)"]
[BlackTeam "Kostolac Rudar (W)"]
[WhiteTeamCountry "SRB"]
[BlackTeamCountry "SRB"]

1. e4 c5 2. Nf3 e6 3. c4 Nc6 4. Nc3 e5 5. a3 g6 6. b4 d6 7. d3 Nge7 8. Bg5 Bg7 9. b5 Nd4 10. Nxd4 exd4 11. Nd5 Qa5+ 12. Bd2 Qd8 13. Nf4 0-0 14. g3 a6 15. a4 Re8 16. Bg2 d5 17. 0-0 dxc4 18. dxc4 Bd7 19. Nd3 axb5 20. axb5 b6 21. Qb3 Rxa1 22. Rxa1 Nc8 23. f4 h5 24. e5 Bf5 25. Bc6 Re7 26. Kg2 Ra7 27. Rxa7 Nxa7 28. Bf3 Qc7 29. Nf2 Nc8 30. Qa4 f6 31. Bd5+ Kh7 32. exf6 Bxf6 33. h3 Qe7 34. g4 hxg4 35. hxg4 Be6 36. Qa6 Bxd5+ 37. cxd5 Qd7 38. Qa8 Ne7 39. d6 Qxd6 40. Ne4 Qd5 41. Qxd5 Nxd5 42. Nd6 Nc3 43. Kf3 Be7 44. Nc4 Nxb5 45. Nxb6 Nd6 46. Ba5 c4 47. Ke2 c3 48. Nd5 Nc4 49. Nxe7 Nxa5 50. Kd3 Kg7 51. Nd5 Nc6 52. Kc2 Kf7 53. f5 g5 54. Nc7 Nb4+ 55. Kd1 d3 56. Nb5 c2+ 57. Kd2 Na2 0-1

[Event "SRB-chT (Women) Div1"]
[Site "Senta"]
[Date "2023.10.14"]
[Round "5.2"]
[White "Narva, Mai"]
[Black "Rapport, Jovana"]
[Result "0-1"]
[WhiteElo "2399"]
[BlackElo "2324"]
[PlyCount "102"]
[EventDate "2023.10.10"]
[EventType "team-tourn"]
[EventRounds "11"]
[EventCountry "SRB"]
[SourceTitle "Mega2024 Update 01"]
[Source "Chessbase"]
[SourceDate "2023.11.12"]
[SourceVersion "1"]
[SourceVersionDate "2023.11.12"]
[SourceQuality "1"]
[WhiteTeam "Pirot Cast i Slava (W)"]
[BlackTeam "Belgrade Crvena Zvezda (W)"]
[WhiteTeamCountry "SRB"]
[BlackTeamCountry "SRB"]

1. e4 e6 2. d4 d5 3. Nc3 Bb4 4. e5 c5 5. Bd2 Ne7 6. a3 Bxc3 7. Bxc3 b6 8. h4 Ba6 9. Bxa6 Nxa6 10. Qe2 Nb8 11. Nf3 Nbc6 12. h5 h6 13. 0-0-0 c4 14. Rh3 b5 15. Nh4 a5 16. Qg4 b4 17. Be1 Rg8 18. a4 Qd7 19. Rf3 Nd8 20. b3 Rc8 21. Kd2 Qc6 22. Ke2 Qa6 23. Ke3 cxb3 24. cxb3 Rc2 25. Rd3 Qa7 26. Rf4 Qc7 27. Qd1 g5 28. hxg6 fxg6 29. Rf6 g5 30. Qh5+ Kd7 31. Ng6 Nf5+ 32. Kf3 Kc8 33. g4 Rxg6 34. Rxg6 Nh4+ 35. Kg3 Qh7 36. Qxh6 Qxg6 37. Qxg6 Nxg6 38. Bd2 Nf7 39. f4 gxf4+ 40. Bxf4 Rc3 41. Rxc3+ bxc3 42. Be3 Nd8 43. g5 Kd7 44. Kf3 Nc6 45. Ke2 Nb4 46. Bc1 Ke8 47. Kd1 Kf7 48. Ba3 Ne7 49. Bxb4 axb4 50. a5 Nc6 51. a6 Kg6 0-1

[Event "EU-Cup (Women) 27th"]
[Site "Durres"]
[Date "2023.10.05"]
[Round "5.2"]
[White "Rapport, Jovana"]
[Black "Wagner, Dinara"]
[Result "1/2-1/2"]
[WhiteElo "2324"]
[BlackElo "2461"]
[PlyCount "107"]
[EventDate "2023.10.01"]
[EventType "team-swiss"]
[EventRounds "7"]
[EventCountry "ALB"]
[SourceTitle "EXT 2024"]
[Source "ChessBase"]
[SourceDate "2023.10.10"]
[SourceVersion "1"]
[SourceVersionDate "2023.10.10"]
[SourceQuality "1"]
[WhiteTeam "Crvena Zvezda (W)"]
[BlackTeam "Superchess"]
[WhiteTeamCountry "SRB"]
[BlackTeamCountry "ROU"]

1. e4 c5 2. Nf3 d6 3. Bc4 Nf6 4. d3 Nc6 5. 0-0 e6 6. Nbd2 a6 7. a4 Be7 8. c3 0-0 9. Re1 Ne5 10. Nf1 Nxc4 11. dxc4 b6 12. Ng3 Bb7 13. Bf4 Qc7 14. Qe2 Qc6 15. b3 Rad8 16. b4 cxb4 17. cxb4 Rc8 18. Nd2 Nd7 19. Ra2 Ne5 20. b5 Qc7 21. Rc2 axb5 22. axb5 Ra8 23. Be3 Ra3 24. Bd4 Rfa8 25. Nb1 R3a4 26. Nd2 Ng6 27. Nh5 e5 28. Be3 Bc8 29. f3 f5 30. exf5 Bxf5 31. Ne4 Be6 32. Rec1 Rc8 33. Nd2 Nf8 34. Ng3 Nd7 35. Nge4 Qb7 36. Qf2 Rb4 37. Qe2 d5 38. cxd5 Rxc2 39. Rxc2 Qxd5 40. Nc3 Qa8 41. Nde4 Rc4 42. h3 Qc8 43. Qd2 Nf6 44. Nxf6+ Bxf6 45. Rc1 e4 46. Nxe4 Rxc1+ 47. Qxc1 Qxc1+ 48. Bxc1 Bd4+ 49. Kh1 Bd7 50. Nd6 Bc5 51. Bf4 Bxd6 52. Bxd6 Bxb5 53. Bc7 h5 54. Bxb6 1/2-1/2

[Event "BL 2223 (Women)"]
[Site "Germany"]
[Date "2022.11.13"]
[Round "4.4"]
[White "Wagner, Dinara"]
[Black "Rapport, Jovana"]
[Result "0-1"]
[WhiteElo "2390"]
[BlackElo "2295"]
[PlyCount "86"]
[EventDate "2022.10.15"]
[EventType "team-tourn"]
[EventRounds "11"]
[EventCountry "GER"]
[SourceTitle "EXT 2024"]
[Source "ChessBase"]
[SourceDate "2023.10.10"]
[SourceVersion "1"]
[SourceVersionDate "2023.10.10"]
[SourceQuality "1"]
[WhiteTeam "Bad Koenigshofen (W)"]
[BlackTeam "Deizisau (W)"]
[WhiteTeamCountry "GER"]
[BlackTeamCountry "GER"]

1. d4 Nf6 2. c4 g6 3. Nc3 Bg7 4. e4 d6 5. Nf3 0-0 6. Be2 e5 7. 0-0 Na6 8. Be3 c6 9. dxe5 dxe5 10. Qxd8 Rxd8 11. h3 Nd7 12. Rfd1 Re8 13. a3 Nc7 14. b4 Nf8 15. c5 Be6 16. a4 Red8 17. b5 Bd7 18. Bc4 Nfe6 19. Rab1 Be8 20. Rxd8 Nxd8 21. Rd1 Kf8 22. Nd2 Bf6 23. Nb3 Kg7 24. g3 Be7 25. f4 f6 26. f5 h5 27. Kf2 g5 28. Na5 Kh7 29. Be2 Kg7 30. Rd2 Kf8 31. Kg2 Rb8 32. b6 Na6 33. Nxb7 Nxb7 34. Bxa6 Nxc5 35. Bxc5 Bxc5 36. b7 Ke7 37. Nd1 Bd4 38. Nb2 c5 39. Nc4 Bc6 40. Kf3 Bxb7 41. Na5 Bxa6 42. Nc6+ Kd6 43. Nxb8 Bb7 0-1

[Event "ROM-chT (Women)"]
[Site "Oradea"]
[Date "2022.09.26"]
[Round "4.11"]
[White "Lehaci, Miruna Daria"]
[Black "Rapport, Jovana"]
[Result "1/2-1/2"]
[WhiteElo "2199"]
[BlackElo "2294"]
[PlyCount "98"]
[EventDate "2022.09.23"]
[EventType "team-tourn"]
[EventRounds "7"]
[EventCountry "ROU"]
[SourceTitle "CBM 210 Extra"]
[Source "ChessBase"]
[SourceDate "2022.11.30"]
[SourceVersion "1"]
[SourceVersionDate "2022.11.30"]
[SourceQuality "1"]

1. e4 e6 2. d4 d5 3. Nc3 dxe4 4. Nxe4 Bd7 5. Nf3 Bc6 6. Bd3 Nd7 7. Bf4 Ngf6 8. Nxf6+ Nxf6 9. 0-0 Bxf3 10. Qxf3 c6 11. c3 Bd6 12. Be5 h6 13. Qg3 Nh5 14. Qf3 Nf6 15. Bc2 Bxe5 16. dxe5 Nd5 17. c4 Nb6 18. Qe4 Qe7 19. Rad1 Qc5 20. b3 Nd7 21. Rfe1 0-0-0 22. Qf4 Rhf8 23. h4 Qe7 24. Qg3 g5 25. h5 Nb6 26. Qe3 Rxd1 27. Rxd1 Rd8 28. Rf1 Kb8 29. Kh2 Nd7 30. Rd1 Rg8 31. Qd4 Nb6 32. Bh7 Rh8 33. Bc2 Qc7 34. g3 Rg8 35. Bh7 Rh8 36. Bc2 Rg8 37. Rd2 Kc8 38. Kg2 Rd8 39. Qxd8+ Qxd8 40. Rxd8+ Kxd8 41. f4 gxf4 42. gxf4 a5 43. Kf3 Nd7 44. Ke3 Ke7 45. a3 f6 46. Ke4 c5 47. Bd1 fxe5 48. fxe5 Nb8 49. Kf4 Nc6 1/2-1/2

[Event "EU-ch (Women) 22nd"]
[Site "Prague"]
[Date "2022.08.23"]
[Round "4"]
[White "Rapport, Jovana"]
[Black "Toncheva, Nadya"]
[Result "1/2-1/2"]
[WhiteElo "2294"]
[BlackElo "2164"]
[PlyCount "84"]
[EventDate "2022.08.20"]
[EventType "swiss"]
[EventRounds "11"]
[EventCountry "CZE"]
[SourceTitle "CBM 209 Extra"]
[Source "ChessBase"]
[SourceDate "2022.09.30"]
[SourceVersion "1"]
[SourceVersionDate "2022.09.30"]
[SourceQuality "1"]

1. e4 c5 2. Nf3 e6 3. c4 Nc6 4. Nc3 e5 5. a3 g6 6. d3 Bg7 7. b4 cxb4 8. axb4 Nge7 9. b5 Nd4 10. Nxd4 exd4 11. Ne2 0-0 12. Bb2 Qb6 13. Qa4 f5 14. c5 Qe6 15. Bxd4 Bxd4 16. Qxd4 b6 17. cxb6 Bb7 18. bxa7 fxe4 19. dxe4 Bxe4 20. f3 Bb7 21. Kf2 Nf5 22. Qa4 Qe3+ 23. Ke1 Rfe8 24. Qa3 Qe5 25. Kf2 Ne3 26. Qc3 Qd6 27. Qd4 Qc7 28. Ra3 Nf5 29. b6 Qd8 30. Qb4 Rc8 31. Rc3 Qg5 32. Qb3+ d5 33. a8Q Rxa8 34. Rc7 Qh4+ 35. g3 Rxe2+ 36. Bxe2 Qd4+ 37. Kg2 Ne3+ 38. Kh3 Qe5 39. g4 Rf8 40. Rxb7 h5 41. Qd3 hxg4+ 42. fxg4 Qh8+ 1/2-1/2

[Event "EU-ch (Women) 22nd"]
[Site "Prague"]
[Date "2022.08.21"]
[Round "2"]
[White "Rapport, Jovana"]
[Black "Sochorova, Petra"]
[Result "1-0"]
[WhiteElo "2294"]
[BlackElo "2019"]
[PlyCount "119"]
[EventDate "2022.08.20"]
[EventType "swiss"]
[EventRounds "11"]
[EventCountry "CZE"]
[SourceTitle "CBM 209 Extra"]
[Source "ChessBase"]
[SourceDate "2022.09.30"]
[SourceVersion "1"]
[SourceVersionDate "2022.09.30"]
[SourceQuality "1"]

1. e4 e5 2. Nf3 Nc6 3. g3 f5 4. exf5 d5 5. Bb5 Bd6 6. d4 e4 7. Nh4 Nf6 8. a3 0-0 9. Nc3 Ne7 10. g4 Ne8 11. Be3 c6 12. Be2 b5 13. Ng2 a5 14. a4 b4 15. Nb1 Qc7 16. h3 Bd7 17. Nd2 c5 18. dxc5 Be5 19. Qc1 d4 20. Bg5 Bc6 21. Nc4 Nf6 22. Bf4 Bxf4 23. Qxf4 Qa7 24. 0-0 Qxc5 25. Qd6 Qxd6 26. Nxd6 Rfd8 27. Bc4+ Kf8 28. Nf7 Rdc8 29. Ng5 Bd7 30. b3 h6 31. Ne6+ Bxe6 32. fxe6 Ng6 33. f4 exf3 34. Ne1 Ne5 35. Bb5 Ke7 36. Rd1 Ne4 37. Nxf3 Nxf3+ 38. Rxf3 Nc3 39. Re1 Rf8 40. Rxf8 Rxf8 41. Bc4 h5 42. Re5 hxg4 43. hxg4 Rf4 44. Rxa5 Rxg4+ 45. Kh2 Rh4+ 46. Kg3 Rh8 47. Ra7+ Kf6 48. Rf7+ Ke5 49. Rxg7 Ne4+ 50. Kg2 Nd6 51. Rg5+ Kf4 52. Rg3 Nf5 53. Rf3+ Ke5 54. Kf2 Nd6 55. e7 Re8 56. Rf8 Ne4+ 57. Ke2 Rxe7 58. Rb8 Rh7 59. Re8+ Kf4 60. Rxe4+ 1-0

[Event "BL 2122 (Women)"]
[Site "Germany"]
[Date "2022.05.25"]
[Round "9.3"]
[White "Rapport, Jovana"]
[Black "Stefanova, Antoaneta"]
[Result "1/2-1/2"]
[WhiteElo "2294"]
[BlackElo "2458"]
[PlyCount "85"]
[EventDate "2021.11.27"]
[EventType "team-tourn"]
[EventRounds "11"]
[EventCountry "GER"]
[SourceTitle "EXT 2023"]
[Source "ChessBase"]
[SourceDate "2022.10.05"]
[SourceVersion "1"]
[SourceVersionDate "2022.10.05"]
[SourceQuality "1"]
[WhiteTeam "Deizisau (W)"]
[BlackTeam "Baden-Baden (W)"]
[WhiteTeamCountry "GER"]
[BlackTeamCountry "GER"]

1. e4 e5 2. Nf3 Nc6 3. Nc3 Nf6 4. d4 exd4 5. Nxd4 Bb4 6. Nxc6 bxc6 7. Bd3 0-0 8. 0-0 d5 9. exd5 cxd5 10. Bg5 Be6 11. Qf3 Be7 12. h3 h6 13. Bh4 c5 14. Rad1 d4 15. Bxf6 Bxf6 16. Ne4 Be7 17. Nd2 Rb8 18. b3 Rb6 19. Nc4 Bd5 20. Qg4 Rf6 21. Rde1 g6 22. Re5 Be6 23. Qe2 Kg7 24. Qd2 Qc7 25. Rfe1 Rd8 26. a4 Rd5 27. Qe2 Bd8 28. Nd2 Qc8 29. Rxd5 Bxd5 30. Bc4 Bxc4 31. Nxc4 Re6 32. Qd1 h5 33. Re2 Bc7 34. Qe1 Rxe2 35. Qxe2 Qd8 36. Qe4 h4 37. Qc6 Qe7 38. Kf1 Bh2 39. Qd5 Bf4 40. Nb2 Bd6 41. Nc4 Bf4 42. Nb2 Bd6 43. Nc4 1/2-1/2

[Event "SRB-chT (Women) Div1"]
[Site "Vrnjacka Banja"]
[Date "2021.09.15"]
[Round "10.1"]
[White "Gaponenko, Inna"]
[Black "Rapport, Jovana"]
[Result "1/2-1/2"]
[WhiteElo "2330"]
[BlackElo "2287"]
[PlyCount "48"]
[EventDate "2021.09.07"]
[EventType "tourn"]
[EventRounds "11"]
[EventCountry "SRB"]
[SourceTitle "CBM 204 Extra"]
[Source "ChessBase"]
[SourceDate "2021.11.30"]
[SourceVersion "1"]
[SourceVersionDate "2021.11.30"]
[SourceQuality "1"]
[WhiteTeam "Belgrade Bas (W)"]
[BlackTeam "Belgrade Crvena Zvezda (W)"]
[WhiteTeamCountry "SRB"]
[BlackTeamCountry "SRB"]

1. e4 e6 2. d4 d5 3. Nc3 Bb4 4. e5 c5 5. a3 Bxc3+ 6. bxc3 Qa5 7. Bd2 Qa4 8. Qg4 Kf8 9. Qd1 b6 10. dxc5 bxc5 11. c4 Ba6 12. cxd5 Bxf1 13. Kxf1 Qc4+ 14. Qe2 Qxe2+ 15. Kxe2 exd5 16. Nf3 Nd7 17. Rhb1 h6 18. Rb7 Ke7 19. Rab1 Ke6 20. Rc7 Ne7 21. Rbb7 Rhd8 22. Ba5 Rac8 23. Rxa7 Rxc7 24. Bxc7 Rc8 1/2-1/2

[Event "SRB-chT (Women) Div1"]
[Site "Vrnjacka Banja"]
[Date "2021.09.14"]
[Round "9.1"]
[White "Rapport, Jovana"]
[Black "Maltsevskaya, Aleksandra"]
[Result "1/2-1/2"]
[WhiteElo "2287"]
[BlackElo "2407"]
[PlyCount "86"]
[EventDate "2021.09.07"]
[EventType "tourn"]
[EventRounds "11"]
[EventCountry "SRB"]
[SourceTitle "CBM 204 Extra"]
[Source "ChessBase"]
[SourceDate "2021.11.30"]
[SourceVersion "1"]
[SourceVersionDate "2021.11.30"]
[SourceQuality "1"]
[WhiteTeam "Belgrade Crvena Zvezda (W)"]
[BlackTeam "Topola Karadorde (W)"]
[WhiteTeamCountry "SRB"]
[BlackTeamCountry "SRB"]

1. e4 c5 2. Nf3 Nc6 3. Bb5 g6 4. 0-0 Bg7 5. c3 Nf6 6. Re1 0-0 7. d4 cxd4 8. cxd4 d5 9. e5 Ne4 10. Be3 f6 11. Nc3 Nxc3 12. bxc3 Bg4 13. exf6 exf6 14. c4 a6 15. Bxc6 bxc6 16. h3 Bxf3 17. Qxf3 f5 18. Bf4 dxc4 19. Be5 Qd5 20. Qc3 Rfe8 21. Rac1 Rad8 22. Qxc4 Qxc4 23. Rxc4 c5 24. Rxc5 Rxd4 25. Kf1 Bxe5 26. Rcxe5 Rxe5 27. Rxe5 Ra4 28. Re2 Kf7 29. f3 Kf6 30. Kf2 Rb4 31. g3 h5 32. h4 g5 33. hxg5+ Kxg5 34. Kg2 h4 35. Kh3 hxg3 36. Kxg3 Ra4 37. Rc2 Ra3 38. Rc5 a5 39. Rb5 a4 40. Ra5 Rxa2 41. f4+ Kf6 42. Ra6+ Kf7 43. Kh4 Rg2 1/2-1/2

[Event "SRB-chT (Women) Div1"]
[Site "Vrnjacka Banja"]
[Date "2021.09.07"]
[Round "1.1"]
[White "Rapport, Jovana"]
[Black "Zecevic, Tijana"]
[Result "1-0"]
[WhiteElo "2287"]
[BlackElo "1481"]
[PlyCount "73"]
[EventDate "2021.09.07"]
[EventType "tourn"]
[EventRounds "11"]
[EventCountry "SRB"]
[SourceTitle "CBM 204 Extra"]
[Source "ChessBase"]
[SourceDate "2021.11.30"]
[SourceVersion "1"]
[SourceVersionDate "2021.11.30"]
[SourceQuality "1"]
[WhiteTeam "Belgrade Crvena Zvezda (W)"]
[BlackTeam "Novi Varos Zlatar (W)"]
[WhiteTeamCountry "SRB"]
[BlackTeamCountry "SRB"]

1. Nf3 d5 2. g3 Nf6 3. Bg2 Bf5 4. 0-0 e6 5. c4 c6 6. b3 Nbd7 7. Bb2 Be7 8. d3 0-0 9. Re1 Qb6 10. Nc3 Ng4 11. Rf1 Rfd8 12. h3 Nge5 13. Nxe5 Nxe5 14. Nxd5 cxd5 15. Bxe5 f6 16. Bf4 d4 17. Bd2 Rac8 18. b4 Qc7 19. a4 Bg6 20. a5 a6 21. Rb1 Be8 22. b5 Bc5 23. Rb2 Qe7 24. Qa1 Rc7 25. Rfb1 Ba3 26. Rb3 Bc5 27. Qb2 Rdd7 28. bxa6 bxa6 29. Rb8 Rd8 30. Rxd8 Qxd8 31. Qb8 Qxb8 32. Rxb8 Kf7 33. Rb7 Rxb7 34. Bxb7 Ke7 35. Bxa6 Bc6 36. g4 g6 37. Bb5 1-0

[Event "SRB-ch (Women) 14th"]
[Site "Vrnjacka Banja"]
[Date "2020.12.13"]
[Round "9"]
[White "Rapport, Jovana"]
[Black "Velikic, Adela"]
[Result "0-1"]
[WhiteElo "2308"]
[BlackElo "2278"]
[PlyCount "108"]
[EventDate "2020.12.07"]
[EventType "tourn"]
[EventRounds "9"]
[EventCountry "SRB"]
[SourceTitle "CBM 199 Extra"]
[Source "ChessBase"]
[SourceDate "2021.01.31"]
[SourceVersion "1"]
[SourceVersionDate "2021.01.31"]
[SourceQuality "1"]

1. Nf3 d5 2. g3 Nf6 3. Bg2 c6 4. 0-0 Bf5 5. c4 e6 6. cxd5 exd5 7. d3 Be7 8. Nc3 0-0 9. Nd4 Bg6 10. e4 Na6 11. e5 Nd7 12. f4 Bc5 13. Be3 Qe7 14. Qe2 Nb4 15. Rad1 Nxe5 16. a3 Bxd3 17. Rxd3 Nexd3 18. axb4 Nxb4 19. Qd2 Rfe8 20. Bf2 Qf6 21. g4 Qg6 22. Na4 Bxd4 23. Qxd4 a5 24. f5 Qd6 25. Bg3 Qf6 26. Qxf6 gxf6 27. Nb6 Rad8 28. Bc7 Nd3 29. Ra1 Nxb2 30. Bxd8 Rxd8 31. Rxa5 d4 32. Ra2 Nd3 33. h3 Ne5 34. Kf2 Kg7 35. Bf1 h5 36. gxh5 Kh6 37. Nc4 Kxh5 38. Ra7 d3 39. Nxe5 fxe5 40. Rxb7 Kg5 41. Rb1 Kf4 42. Rc1 e4 43. Rxc6 d2 44. Be2 e3+ 45. Kg2 d1Q 46. Bxd1 Rd2+ 47. Be2 Rxe2+ 48. Kf1 Ra2 49. Rc1 Kf3 50. Kg1 Rg2+ 51. Kh1 Rd2 52. Kg1 Rd3 53. Rf1+ Kg3 54. Re1 e2 0-1

[Event "SRB-ch (Women) 14th"]
[Site "Vrnjacka Banja"]
[Date "2020.12.07"]
[Round "1"]
[White "Rapport, Jovana"]
[Black "Gajcin, Marina"]
[Result "1-0"]
[WhiteElo "2308"]
[BlackElo "2239"]
[PlyCount "111"]
[EventDate "2020.12.07"]
[EventType "tourn"]
[EventRounds "9"]
[EventCountry "SRB"]
[SourceTitle "CBM 199 Extra"]
[Source "ChessBase"]
[SourceDate "2021.01.31"]
[SourceVersion "1"]
[SourceVersionDate "2021.01.31"]
[SourceQuality "1"]

1. d4 Nf6 2. c4 g6 3. Nd2 d5 4. cxd5 Qxd5 5. Ngf3 Bg7 6. e3 0-0 7. b4 a5 8. Bc4 Qd8 9. bxa5 Rxa5 10. Nb3 Ra7 11. 0-0 Nc6 12. Bb2 Nd5 13. e4 Nb6 14. Bb5 Na4 15. Bxa4 Rxa4 16. h3 b6 17. a3 Na5 18. Nxa5 Rxa5 19. Qc2 Bb7 20. Bc3 Ra7 21. Rfe1 Qd7 22. d5 c5 23. Ne5 Qa4 24. Qb2 Bxe5 25. Bxe5 b5 26. Bg7 Rfa8 27. Bh6 Qd4 28. Qxb5 Ba6 29. Qb3 Bc4 30. Qf3 Qd3 31. Re3 Qd4 32. Rc3 Be2 33. Qe3 Ra4 34. f3 f6 35. Kf2 Bb5 36. Rac1 g5 37. h4 gxh4 38. Rxc5 Qb2+ 39. R1c2 Qb1 40. Rc1 Qb2+ 41. R1c2 Qb1 42. Qc1 Qxc1 43. Bxc1 Bd7 44. Rc7 R8a7 45. Be3 Rxc7 46. Rxc7 h3 47. gxh3 Bxh3 48. Rxe7 Rxa3 49. Bd4 f5 50. Rg7+ Kf8 51. Rxh7 fxe4 52. Rxh3 Rd3 53. Be3 exf3 54. Rh5 Ke7 55. Kxf3 Kd6 56. Ke4 1-0

[Event "SRB-chT (Women)"]
[Site "Valjevo"]
[Date "2020.10.01"]
[Round "9.3"]
[White "Batsiashvili, Nino"]
[Black "Rapport, Jovana"]
[Result "1-0"]
[WhiteElo "2467"]
[BlackElo "2303"]
[PlyCount "91"]
[EventDate "2020.09.25"]
[EventType "team-tourn"]
[EventRounds "11"]
[EventCountry "SRB"]
[SourceTitle "CBM 198 Extra"]
[Source "ChessBase"]
[SourceDate "2020.11.30"]
[SourceVersion "1"]
[SourceVersionDate "2020.11.30"]
[SourceQuality "1"]
[WhiteTeam "Belgrade Rad (W)"]
[BlackTeam "Rudovci Radnicki (W)"]
[WhiteTeamCountry "SRB"]
[BlackTeamCountry "SRB"]

1. c4 e6 2. Nc3 d5 3. d4 Nf6 4. cxd5 exd5 5. Bg5 c6 6. e3 Be7 7. Bd3 Nbd7 8. Qc2 Nh5 9. Bxe7 Qxe7 10. 0-0-0 Nb6 11. Nf3 Bg4 12. Rdg1 g6 13. Ne5 Be6 14. g4 Ng7 15. f4 0-0-0 16. Kb1 f6 17. Nf3 Ne8 18. h4 Nd6 19. Rh2 Kb8 20. h5 Bf7 21. Re1 gxh5 22. g5 f5 23. Ne5 Nbc4 24. Bxc4 dxc4 25. Qe2 Bg6 26. Rd1 Qe6 27. Rg2 h6 28. gxh6 Rxh6 29. d5 cxd5 30. Rxd5 Rc8 31. Qd1 Be8 32. Rgd2 Nf7 33. R2d4 Bc6 34. Nxc6+ Rxc6 35. e4 fxe4 36. f5 Qe7 37. Rxe4 Qf8 38. Qe2 Nd6 39. Re6 Nc8 40. Qe5+ Ka8 41. Re8 Qf6 42. Qxf6 Rhxf6 43. Ne4 Rf7 44. Nd6 Rfc7 45. f6 c3 46. Nxc8 1-0

[Event "SRB-chT (Women)"]
[Site "Valjevo"]
[Date "2020.09.29"]
[Round "6.6"]
[White "Rapport, Jovana"]
[Black "Salimova, Nurgyul"]
[Result "1/2-1/2"]
[WhiteElo "2303"]
[BlackElo "2372"]
[PlyCount "128"]
[EventDate "2020.09.25"]
[EventType "team-tourn"]
[EventRounds "11"]
[EventCountry "SRB"]
[SourceTitle "CBM 198 Extra"]
[Source "ChessBase"]
[SourceDate "2020.11.30"]
[SourceVersion "1"]
[SourceVersionDate "2020.11.30"]
[SourceQuality "1"]
[WhiteTeam "Rudovci Radnicki (W)"]
[BlackTeam "Goracici Jelica (W)"]
[WhiteTeamCountry "SRB"]
[BlackTeamCountry "SRB"]

1. d4 Nf6 2. Bg5 e6 3. e4 h6 4. Bxf6 Qxf6 5. c3 c5 6. d5 exd5 7. exd5 Be7 8. Nf3 0-0 9. Bd3 d6 10. 0-0 Bg4 11. Nbd2 Nd7 12. h3 Bf5 13. Qc2 Bxd3 14. Qxd3 a6 15. Rfe1 Rfe8 16. a4 Bf8 17. a5 g6 18. Nc4 Rad8 19. Rad1 Qf4 20. g3 Qf6 21. Kg2 h5 22. Re4 Qf5 23. Rxe8 Rxe8 24. Qxf5 gxf5 25. Re1 Rxe1 26. Nxe1 Kg7 27. Nd3 h4 28. gxh4 Kf6 29. f4 Kg6 30. Ne3 Nf6 31. Nc1 Be7 32. Ne2 Nh5 33. Ng3 Nxf4+ 34. Kf3 Nd3 35. Ngxf5 Bf8 36. h5+ Kg5 37. h6 Kg6 38. b3 Nc1 39. Ke4 Ne2 40. c4 Nc1 41. h4 Nxb3 42. h5+ Kh7 43. Ng4 Nd4 44. Nf6+ Kh8 45. Nxd4 cxd4 46. Nd7 Be7 47. Kxd4 Bd8 48. c5 dxc5+ 49. Nxc5 Bxa5 50. Nxb7 Bb6+ 51. Ke4 Kh7 52. d6 a5 53. d7 a4 54. Kd3 a3 55. Kc3 a2 56. Kb2 f5 57. Nd6 Kxh6 58. Nxf5+ Kxh5 59. Ne7 Kg5 60. Kxa2 Bd8 61. Nc6 Kf6 62. Nxd8 Ke7 63. Kb3 Kxd7 64. Kc4 Kxd8 1/2-1/2

[Event "Moscow Aeroflot op-B"]
[Site "Moscow"]
[Date "2020.02.23"]
[Round "5"]
[White "Rapport, Jovana"]
[Black "Pham, Xuan Dat"]
[Result "1/2-1/2"]
[WhiteElo "2348"]
[BlackElo "2197"]
[PlyCount "84"]
[EventDate "2020.02.19"]
[EventType "swiss"]
[EventRounds "9"]
[EventCountry "RUS"]
[SourceTitle "CBM 195"]
[Source "ChessBase"]
[SourceDate "2020.04.30"]
[SourceVersion "1"]
[SourceVersionDate "2020.04.30"]
[SourceQuality "1"]

1. d4 Nf6 2. Nf3 g6 3. c4 Bg7 4. Nc3 d5 5. cxd5 Nxd5 6. Bd2 0-0 7. Rc1 c5 8. Nxd5 Qxd5 9. Rxc5 Qxa2 10. Qc2 Nc6 11. e3 Bf5 12. Qc1 Rfc8 13. Bc4 Qa4 14. b3 Qa2 15. 0-0 Nd8 16. Ra5 Qc2 17. Qa3 Bf8 18. Rc1 Qe4 19. Ne5 e6 20. Qa1 Nc6 21. f3 Qh4 22. Nxc6 Rxc6 23. Rxa7 Rxa7 24. Qxa7 Bd6 25. f4 Be4 26. Qa8+ Kg7 27. Qa1 Kh6 28. Be2 Qd8 29. Rxc6 bxc6 30. Qc3 Qb6 31. Bd3 Bb4 32. Qxb4 Qxb4 33. Bxb4 Bxd3 34. Bf8+ Kh5 35. h3 f5 36. Be7 Be4 37. Kf2 Bd5 38. b4 Be4 39. Bg5 Bd5 40. Kg3 Be4 41. Kf2 Bd5 42. Kg3 Be4 1/2-1/2

[Event "Sharjah Cup (Women) 10th"]
[Site "Sharjah"]
[Date "2020.01.12"]
[Round "9"]
[White "Smirnova, Ekaterina"]
[Black "Rapport, Jovana"]
[Result "1/2-1/2"]
[WhiteElo "2249"]
[BlackElo "2333"]
[PlyCount "109"]
[EventDate "2020.01.04"]
[EventType "swiss"]
[EventRounds "9"]
[EventCountry "UAE"]
[SourceTitle "CBM 194 Extra"]
[Source "ChessBase"]
[SourceDate "2020.03.31"]
[SourceVersion "1"]
[SourceVersionDate "2020.03.31"]
[SourceQuality "1"]

1. d4 Nf6 2. c4 e6 3. Nf3 d5 4. Nc3 Nbd7 5. cxd5 exd5 6. Bg5 c6 7. e3 Be7 8. Bd3 Ne4 9. Bf4 Ndf6 10. Qc2 Bf5 11. 0-0 0-0 12. Ne5 g6 13. f3 Nd6 14. Rad1 Bxd3 15. Qxd3 Nh5 16. Bh6 Ng7 17. e4 f6 18. Ng4 f5 19. Ne5 fxe4 20. fxe4 Rxf1+ 21. Rxf1 dxe4 22. Nxe4 Ndf5 23. Bxg7 Kxg7 24. Rxf5 gxf5 25. Ng3 Qd5 26. Nxf5+ Kf8 27. Nxe7 Kxe7 28. Qxh7+ Kd8 29. Qh8+ Kc7 30. Qxa8 Qxd4+ 31. Kf1 Qxe5 32. Qxa7 Qxh2 33. Qa5+ Kc8 34. Qf5+ Kc7 35. Kf2 Qh8 36. Qa5+ Kb8 37. Qc3 Qh7 38. g4 Qf7+ 39. Kg3 Qxa2 40. Qe5+ Kc8 41. g5 Qb3+ 42. Kh4 Qg8 43. Qf5+ Kd8 44. Qf6+ Ke8 45. g6 Qd5 46. Qh8+ Ke7 47. Qg7+ Ke8 48. Qxb7 Kf8 49. Qc7 Qh1+ 50. Kg4 Qd1+ 51. Kg5 Qd5+ 52. Kg4 Qd1+ 53. Kf5 Qd3+ 54. Kg5 Qd5+ 55. Kg4 1/2-1/2

[Event "Sharjah Cup (Women) 10th"]
[Site "Sharjah"]
[Date "2020.01.06"]
[Round "3"]
[White "Pujari, Rucha"]
[Black "Rapport, Jovana"]
[Result "1/2-1/2"]
[WhiteElo "2187"]
[BlackElo "2333"]
[PlyCount "99"]
[EventDate "2020.01.04"]
[EventType "swiss"]
[EventRounds "9"]
[EventCountry "UAE"]
[SourceTitle "CBM 194 Extra"]
[Source "ChessBase"]
[SourceDate "2020.03.31"]
[SourceVersion "1"]
[SourceVersionDate "2020.03.31"]
[SourceQuality "1"]

1. d4 Nf6 2. g3 c5 3. d5 b5 4. Bg2 d6 5. a4 b4 6. c4 g6 7. b3 Bg7 8. Bb2 0-0 9. Nd2 a5 10. Qc2 Ra7 11. e4 e6 12. Ne2 exd5 13. cxd5 Re8 14. Nc4 Rae7 15. Bxf6 Bxf6 16. Rd1 Bg7 17. 0-0 Ba6 18. f4 Bxc4 19. Qxc4 Nd7 20. h3 Kh8 21. g4 Qb6 22. Kh1 Ra8 23. e5 Qa6 24. Qc2 Rc8 25. Ng3 dxe5 26. f5 c4 27. d6 Ree8 28. Ne4 f6 29. fxg6 cxb3 30. Qxb3 Qc4 31. Qxc4 Rxc4 32. g5 hxg6 33. gxf6 Bh6 34. Rd5 b3 35. Rb5 Rb8 36. Rxb8+ Nxb8 37. f7 Nd7 38. Rb1 Kg7 39. Rxb3 Rc1+ 40. Kh2 Bf4+ 41. Ng3 Kxf7 42. Bd5+ Kf6 43. Kg2 Nc5 44. Ne4+ Nxe4 45. Bxe4 Ke6 46. Rd3 Rc2+ 47. Kf3 Rh2 48. Kg4 Rd2 49. Rxd2 Bxd2 50. Bxg6 1/2-1/2